Geopolítica

Gespeichert in:
Bibliographische Detailangaben
Format: Text
Tags: Tag hinzufügen
Keine Tags, Fügen Sie den ersten Tag hinzu!

MARC

LEADER 00000 a a2200000 04500
001 17518
003
040
245 |a Geopolítica  
773 |g número 15; páginas 225  
999 |c 23242  |d 23242 
773 0 |0 42391  |9 4094  |a Agencia Latinoamericana de Información, ALAI  |d Quito, Ecuador: ALAI  |o 03945  |t ALAI:  |x 08275564 (Servicio mensual de información y documentación)